[Event "DSOL 03 Liga Gr-C 1st"]
[Site "Playchess.com INT"]
[Date "2020.07.28"]
[Round "6.3"]
[White "Brkic, Tomislav"]
[Black "Jacobse, Leon"]
[Result "1-0"]
[WhiteElo "1638"]
[BlackElo "1924"]
[PlyCount "65"]
[EventDate "2020.06.22"]
[EventType "team-tourn (rapid)"]
[EventCountry "GER"]
[SourceTitle "EXT 2021"]
[Source "ChessBase"]
[SourceDate "2020.10.23"]
[SourceVersion "1"]
[SourceVersionDate "2020.10.23"]
[SourceQuality "1"]
[WhiteTeam "Bad Wimpfen"]
[BlackTeam "Blankenese"]
[WhiteTeamCountry "GER"]
[BlackTeamCountry "GER"]

1. d4 c5 2. dxc5 e5 3. Nc3 Bxc5 4. Nf3 d6 5. e4 Ne7 6. Bc4 Bd7 7. Ng5 d5 8. Nxd5 h6 9. Nf6+ Kf8 10. Nxd7+ Qxd7 11. Qf3 Nd5 12. Nxf7 Qxf7 13. Qxf7+ Kxf7 14. Bxd5+ Ke7 15. Bxb7 Nd7 16. Bxa8 Rxa8 17. 0-0 Nf6 18. Re1 Rd8 19. Kf1 Ng4 20. Be3 Bxe3 21. Rxe3 Nxe3+ 22. fxe3 Rd2 23. Rc1 Kd6 24. a4 Kc5 25. h3 Kb4 26. b3 Kc3 27. a5 Kb2 28. Re1 Rxc2 29. b4 Ka3 30. b5 Rb2 31. Ra1+ Kb4 32. b6 axb6 33. a6 1-0